000 00460nam a22001697a 4500
005 20251108171943.0
008 250721s1993 xx 000 0 ara d
082 1 4 _a646.7/جبر
100 1 _aجبر، وديع
245 1 0 _aالجمال و التجميل /
264 1 _aبيروت :
_bدار الجيل للنشر،
_c1993.
300 _a637ص
650 1 7 _aالمظهر الشخصي
650 1 7 _aالتجميل
942 _2ddc
_cBK
999 _c66791
_d66791